Teorías y prácticas en educación artística: Ideas para una revisión pragmatista de la experiencia estética.
Shranjeno v:
| Glavni avtor: | |
|---|---|
| Format: | Knjiga |
| Izdano: |
Barcelona, España; Pamplona, España:
Octaedro-EUB; Universidad Pública de Navarra,
2005.
|
| Izdaja: | Primera edición. |
| Serija: | Colección Intersecciones,
|
| Teme: | |
| Oznake: |
Označite
Brez oznak, prvi označite!
|
MARC
| LEADER | 00000nam a22000007a 4500 | ||
|---|---|---|---|
| 003 | CL-VaPUC | ||
| 005 | 20250407202447.0 | ||
| 008 | 250314t2005 ||||| |||| 00| 0 eng d | ||
| 999 | |c 447350 |d 447348 | ||
| 020 | |a 84-8063-729-3 | ||
| 040 | |c Pontificia Universidad Católica de Valparaíso | ||
| 082 | |a 372.5044 AGI 2005 | ||
| 100 | |9 896877 |a Agirre Arriaga, Imanol |e autor | ||
| 245 | |a Teorías y prácticas en educación artística: |b Ideas para una revisión pragmatista de la experiencia estética. | ||
| 250 | |a Primera edición. | ||
| 260 | |a Barcelona, España; |a Pamplona, España: |b Octaedro-EUB; |b Universidad Pública de Navarra, |c 2005. | ||
| 300 | |a 378 páginas. | ||
| 490 | |a Colección Intersecciones, |n 6. | ||
| 500 | |a c.1. Instituto Arcos.08-01-2025. | ||
| 583 | |c 20250314 |k Gabriela Rodríguez Cuevas | ||
| 650 | 0 | |9 269035 |a Educación artística | |
| 650 | 0 | |9 268202 |a Artes |x Estudio y enseñanza | |
| 650 | 0 | |9 266215 |a Creación artística |x Educación | |
| 942 | |2 ddc |c BK |n 0 | ||
| 952 | |0 0 |1 0 |2 ddc |4 0 |6 372_504400000000000_AGI_2005 |7 0 |8 A |9 601267 |a BIBINC |b BIBINC |d 2025-03-14 |e Instituto Arcos |i 5666151 |o 372.5044 AGI 2005 |p 5666151 |r 2025-03-14 |t 1 |w 2025-03-14 |y BK |k IFP | ||